Première ou Seconde Guerre mondiale ? - Statistiques

Statistiques générales
  • Ce quiz a été pris 1 736 fois
  • Le résultat moyen est 17 sur 22
Statistiques - réponses
Hint Réponse % Correct
Est associée aux termes de "gueules cassées" et "pinard"
Première Guerre mondiale
91%
Dura le plus longtemps
Seconde Guerre mondiale
91%
Fut déclenchée par un assassinat
Première Guerre mondiale
90%
La Bataille de Verdun se déroula pendant cette guerre
Première Guerre mondiale
90%
Mussolini était à la tête de l'Italie
Seconde Guerre mondiale
90%
Winston Churchill était premier ministre du Royaume-Uni
Seconde Guerre mondiale
88%
La Bataille de Stalingrad se déroula pendant cette guerre
Seconde Guerre mondiale
87%
Les chefs d'état britanniques, allemands et russes étaient cousins
Première Guerre mondiale
85%
Le Japon envahit les Philippines
Seconde Guerre mondiale
85%
Le Maréchal Joffre est à la tête de l'armée française
Première Guerre mondiale
84%
Le Japon est allié au Royaume-Uni
Première Guerre mondiale
83%
L'Espagne était une dictature
Seconde Guerre mondiale
81%
Le débarquement de Provence se déroula pendant cette guerre
Seconde Guerre mondiale
79%
Fut la plus meurtrière
Seconde Guerre mondiale
76%
À son issue, la France récupère les territoires d'Alsace et de Lorraine
Première Guerre mondiale
70%
Était surnommée la "Der des Ders"
Première Guerre mondiale
69%
Fut la plus meurtrière pour la France
Première Guerre mondiale
68%
Vit l'arrivée des chars d'assaut sur les champs de bataille
Première Guerre mondiale
66%
Prit fin un 2 septembre
Seconde Guerre mondiale
62%
Provoqua la fin de la IIIe République française
Seconde Guerre mondiale
58%
Les russes l'appellent "La Grande Guerre Patriotique"
Seconde Guerre mondiale
58%
L'Allemagne proposa une alliance au Mexique, contre les États-Unis
Première Guerre mondiale
38%
Aucun quiz correspondant
Distribution des résultats
% des personnes avec chaque résultat
Percentile par nombre de réponses
Votre historique - résultats
Vous n’avez pas pris ce quiz